| 000 | 01251nam a2200337 i 4500 | ||
|---|---|---|---|
| 003 | EG-GICUC | ||
| 005 | 20260127163805.0 | ||
| 008 | 260127s19931413ua ||||fr|||| 00| 0 ara d | ||
| 017 | _a93/1842 | ||
| 020 | _a9770409324 | ||
| 040 |
_a EG-GICUC _bara _c EG-GICUC _d EG-GICUC _erda |
||
| 041 | _aara | ||
| 082 | 0 | 4 |
_221 _a343.91 _bح س . أ |
| 092 | 0 | 4 | _221 |
| 099 | _aLaw1 10 343.91 ح س . أ 2 ed - 1993 | ||
| 100 | 0 |
_aحسنى الجندى _eمؤلف. |
|
| 245 | 1 | 0 |
_aأحكام المرأة فى التشريع الجنائي الأسلامى : _bدراسة مقارنة / _cتأليف دكتور حسنى الجندى. |
| 250 |
_aالطبعة الثانية، _b ه1413-1993م |
||
| 264 | 1 |
_aالقاهرة : _bدار النهضة العربية، _c1993. |
|
| 300 |
_a191 صفحة ; _c24 سم. |
||
| 336 |
_2rda content _atext |
||
| 337 |
_2rda media _aComputer |
||
| 338 |
_2rda carrier _aOnline Resource |
||
| 504 | _aيشتمل على إرجاعات ببليوجرافية. | ||
| 650 | 1 | _aالقانون الجنائي | |
| 650 | 1 | _aالنظام الجنائي الإسلامي | |
| 653 | _aأحكام المرأة | ||
| 856 | 4 | 0 | _uhttps://fll.law.cu.edu.eg/fulltext/bks/B10-08054.pdf |
| 905 | _a43 | ||
| 942 |
_2ddc _n0 _cBK _e21 |
||
| 999 |
_c59691 _d59691 |
||